000
00311nam a2200133Ia 4500
003
OSt
005
20240202161034.0
008
170524s9999 xx 000 0 und d
020
_a
8126513349
040
_c
IIMT UNIVERSITY MEERUT
100
_a
COHEN
245
0
_a
INTRODUCTION TO COMPUTER THEORY
942
_2
ddc
_c
02
999
_c
3938
_d
3938